Financial management: A conceptual approach with problems, cases and review questions (Record no. 151168)

MARC details
000 -LEADER
fixed length control field 00454nam a2200157Ia 4500
008 - FIXED-LENGTH DATA ELEMENTS--GENERAL INFORMATION
fixed length control field 230917s9999||||xx |||||||||||||| ||und||
040 ## - CATALOGING SOURCE
-- 179548
Original cataloging agency VIVEKANANDA LIBRARY
041 ## - Language
-- English
082 ## - DDC NUMBER
Classification number 658.15 K959F(13)
100 ## - MAIN ENTRY--PERSONAL NAME
Personal name Kulkarni, P V
245 #0 - TITLE STATEMENT
Title Financial management: A conceptual approach with problems, cases and review questions
250 ## - EDITION STATEMENT
Edition statement 13th ed.
260 ## - PUBLICATION, DISTRIBUTION, ETC. (IMPRINT)
Place of publication, distribution, etc New Delhi
Name of publisher, distributor, etc Himalaya Publishing House
Date of publication, distribution, etc 2009
300 ## - PHYSICAL DESCRIPTION
Pages 862 p.
942 ## - ADDED ENTRY ELEMENTS (KOHA)
Koha item type Books
Holdings
Withdrawn status Lost status Damaged status Not for loan Location (home branch) Sublocation or collection (holding branch) Date acquired Koha issues (times borrowed) Koha full call number Accession No. Koha date last seen Koha item type
        VIVEKANANDA LIBRARY VIVEKANANDA LIBRARY 10/02/2011 1 658.15 K959F(13) 273437 06/03/2024 Books
        VIVEKANANDA LIBRARY VIVEKANANDA LIBRARY 10/02/2011   658.15 K959F(13) 273438 17/09/2023 Books
        VIVEKANANDA LIBRARY VIVEKANANDA LIBRARY 10/02/2011   658.15 K959F(13) 273439 17/09/2023 Books
        VIVEKANANDA LIBRARY VIVEKANANDA LIBRARY 10/02/2011   658.15 K959F(13) 273440 17/09/2023 Books
© Designed and Maintained by Vivekananda Library, MDU Rohtak